000 00450nam a2200145Ia 4500
008 140724s9999 xx 000 0 und d
050 _aTX 911.3.M27
_b.G144 2011
100 _aGaiser, Emily Dawn T.
245 2 _aA taste of heaven /
_cEmily Dawn T. Gaiser.
260 _aLas PiƱas, Philippines :
_bSouthville International School and Colleges,
_cc2011.
300 _a49 p. :
_bill. ;
_c28 cm.
521 _aTourism
942 _cTH
999 _c229164
_d229164